000 00447nam a2200181Ia 4500
003 GCL
008 140319s9999 xx 000 0 eng d
040 _aGCL /
_cGCL
082 0 4 _a843
_bG S
100 1 _aGIDE, ANDRE
245 1 0 _aSI LE GRAIN NE MEURT /
_cGIDE, ANDRE
260 _a[S.N] :
_bGALLIMARD ،
_c1995
300 _a371 P
490 _aCOLLECTION FOLIO
_v0
650 0 4 _aLITERATURE
650 0 4 _aFRENCH LITERATURE
942 _2ddc
_cBK
999 _c22500
_d22500